Quizzes
Events
Quiz Creation
Community
Videos
Private Events
Remove Ads
Sign In
Join for FREE
Feedback
Dark Mode
Quiz Categories
Sports
Geography
Music
Movies
Television
Just For Fun
Miscellaneous
History
Literature
Language
Science
Gaming
Entertainment
Religion
Holiday
For Kids
Quiz Lab
Recent
Popular Today
Quiz Kudos Today
Editor Picks
Curator Picks
Quizzes by...
Day
Popularity
Type
Ratings
Length
Year
Community
Subscriptions
Recent Discussions
Orange Saloon
Badges
Playlists
Quests
Create
Leaderboards
Showdown
Live 5
Trivia Bingo
Activity
Puzzle Library
Sporcle Events
Private Events
Virtual Trivia
Globe League
Become a Host
Pub Owners
SporcleCon
Opinionation
Our Games
Videos
Blog
Mobile Apps
Partnerships
Remove Ads and Go Orange
Feedback
Music
Pop Music
The Beatles
Song
Album
Lyrics
Bands
Singers
Artist
Clip
Rock
Rap
Classical
Billboard
Country Music
Kpop
Taylor Swift
Music
Pop Music
The Beatles
Song
Album
Lyrics
Bands
Singers
Artist
Clip
Rock
Rap
Classical
Billboard
Country Music
Kpop
Taylor Swift
Random Quiz
Search Sporcle
×
Quiz Lab
Quiz Lab
Music
Play
Type in answers that appear in a list
Type in answers that appear in a list
Classic
Best Score? Go Orange.
What instrument do they play in the band? Stats
Can you name the What intrument do they play in the band??
By
musicluver579
10m
18 Questions
7 Plays
7 Plays
7 Plays
Comments
Comments
Give Quiz Kudos
Give Quiz Kudos
-
- Ratings
hide this ad
Replay
Link that replays current quiz
Next Quiz
Link to next quiz in quiz playlist
You Got
0%
They Got
Avg Score
31%
Avg Friend Score
Upgrade to see
Score Distribution
Jump to the score distribution portion of the page
Score
0/18
Timer
10:00
0
Plays Today
Instrument
Member
% Correct
Lead Vocals/
Rhythm Guitar
Alex Gaskarth
85.7%
Guitar/
Vocals
Jack Barakat
71.4%
Bass/
Vocals
Zack Merrick
71.4%
Drums
Rian Dawson
71.4%
Drums
Kyle Burns
57.1%
Lead Vocals
Jonathan Cook
57.1%
Lead Vocals/
Rhythm Guitar
Travis Clark
57.1%
Guitar/
Vocals
Caleb Turman
28.6%
Bass/
Vocals
Austin Bello
28.6%
Instrument
Member
% Correct
Keyboard/
Piano
Kent Garrison
14.3%
Lead Vocals/
Guitar
Kevin Bard
14.3%
Bass
Brian Maddox
14.3%
Guitar
Marc Stewart
0%
Guitar/
Backing Vocals
Clayton Johnson
0%
Drums
Rob Michelsen
0%
Lead Guitar/
Backing Vocals
Hunter Thomsen
0%
Bass
Drew Thomsen
0%
Drums
Danny Duncan
0%
Quiz Playlist
Details
Report
Send in Message
Add To Playlist
Classic:
Type in answers that appear in a list
Last Updated: Feb 16, 2017
Quiz Scoreboard
CHALLENGE
Sign Up to Join the Scoreboard
Show All
Scores
Hide
Comments
May contain spoilers
Recently Published
Movies - When Are They Set?
by FPL_Elf
Movies
5m
Popular People in 1961
by mucciniale
History
6m
1-10 Letter E Words III
by El_Dandy
Language
2m
More to Explore
Quiz From the Vault
Featured Blog Post
Where Did the Easter Bunny Come From?
hide this ad
You Might Also Like...
Tags
Bands Quiz
Play Quiz
instrument
Today's Top Quizzes in Music
Browse Music
hide this ad
Today's Top Quizzes in Play
Browse Play
Top Contributed Quizzes in Music
1
Taylor Swift All Songs (2024)
2
2010s Album by Cover III
3
Guess the Artist- 70s Songs
4
One Thing in Common: Music
5
Taylor Swift Logic Puzzle
6
Guess the Taylor Swift song (Mystery Song)
7
2010s Album by Cover IV
8
2010s Album by Cover V
9
KPOP LOGIC QUIZ
10
Kpop Logic Quiz
Explore More
Trending Topics
Kpop
NBA
Disney
Marvel
Crossword
Harry Potter
Anime
NFL
WWE
Soccer
The Office
Puzzle
Country
Song
Pokémon
hide this ad
More By:
musicluver579
Quiz
Plays
Rating
Category
Featured
Created
What Band is this person from? (pop punk)
645
4.00
Music
Jul 28, 2010
Bands by initals (punk rock)
515
1.91
Music
Jul 19, 2010
What band are they from? (pop punk)
449
2.50
Music
Jul 28, 2010
Finish The Lyrics (Pop-punk)
210
2.33
Music
Jul 27, 2010
What instrument do they play in the band?
7
1.67
Music
Jul 31, 2010
Go to Creator's Profile
Score Distribution
Quiz Creator Spotlight
musicluver579
Follow
Send a Message
Quizzes Created
-
Created Quiz Play Count
-
More By This Creator
Popular Quizzes Today
1
Find the Countries of Europe - No Outlines Minefield
2
Find the US States - No Outlines Minefield
3
The Countries of the World
4
Popular People in 1961
5
US States
6
1-10 Letter E Words III
7
Find the US States
8
One Thing in Common: World Cities II
More Music Quizzes
THE SCRAMBLED KPOP BOY GROUP
Quiz Lab
Trending Quizzes
Risky Map Clicking: Least Populous States A-Z
1-10 Letter F Words
1-10 Letter G Words
One Thing in Common: United Kingdom
Risky Map Clicking: Next State Alphabetically
Recently Updated
Leaping Animals
pecheneg
Reality TV Shows (A-Z)
bhenderson79
Rickey Henderson's Hall of Fame Teammates
pecheneg
Champions League XIs: Arsenal
pecheneg
Quick Pick: Celebrities in WWE's Hall of Fame
aduchscher
A-Z Keypad Blitz II
pecheneg
Multiple Oscar Actors
pecheneg
Mystery Phrase Blitz: Oscar 'Best Actors'
pecheneg
F. Scott Fitzgerald Novels
LTH
Pick 3 Villains
ddd62291
Trending Topics
Marvel
NBA
Disney
Kpop
Crossword
Anime
Harry Potter
WWE
Puzzle
NFL
Country
Soccer
The Office
Song
Pokémon
Your Account Isn't Verified!
In order to create a playlist on Sporcle, you need to verify the email address you used during registration. Go to your
Sporcle Settings
to finish the process.
Report this User
Report this user for behavior that violates our
Community Guidelines
.
Details:
Send Report
Go to the Sporcle.com Mobile Site →
Comments